000 00437nam a2200097Ia 4500
005 20250424112854.0
008 250424s9999 xx 000 0 und d
300 _av. 149 p. ; 24 cm.
650 _aInvestments--Management--Mathematical models--Periodicals. Securities--Management--Mathematical models--Periodicals. Risk management--Mathematical models--Periodicals. Intermediation (Finance)--Mathematical models--Periodicals.
942 _cSR
999 _c37623
_d37623